Table of integrals, series, and products
সংরক্ষণ করুন:
| প্রধান লেখক: | , |
|---|---|
| বিন্যাস: | গ্রন্থ |
| ভাষা: | ইংরেজি |
| প্রকাশিত: |
Nueva York
Academic Press
1965
|
| বিষয়গুলি: | |
| ট্যাগগুলো: |
ট্যাগ যুক্ত করুন
কোনো ট্যাগ নেই, প্রথমজন হিসাবে ট্যাগ করুন!
|
MARC
| LEADER | 00000nam a2200000 a 4500 | ||
|---|---|---|---|
| 001 | UCP1411 | ||
| 003 | CL-VaPUC | ||
| 008 | 990409e19650000US |||||||||||||||||eng|d | ||
| 082 | 0 | 4 | |a 510 |b GRA |2 21 |
| 100 | |a Gradshteyn, I. S |e author |9 427449 | ||
| 700 | 0 | |a Ryzhik, I. M |e author |9 427448 | |
| 245 | 1 | 0 | |a Table of integrals, series, and products |
| 300 | |a 1086 p | ||
| 942 | |c BK | ||
| 945 | |d 19990409 00:00:00 |a crobeson | ||
| 260 | |a Nueva York |b Academic Press |c 1965 | ||
| 650 | 7 | |a TABLAS MATEMATICAS |2 CL-VaPUC |9 260265 | |
| 650 | 7 | |a SERIES |2 CL-VaPUC |9 325542 | |
| 650 | 0 | |a Integrales |9 260233 | |
| 650 | 0 | |a Funciones algebraicas |9 271204 | |
| 650 | 0 | |a Funciones exponenciales |9 360716 | |
| 650 | 0 | |a Funciones trigonométricas |9 421678 | |
| 650 | 0 | |a Funciones logarítmicas |9 358858 | |
| 650 | 7 | |a FUNCIONES HIPERBOLICAS |2 CL-VaPUC |9 424732 | |
| 650 | 7 | |a FUNCIONES BESSEL |2 CL-VaPUC |9 359760 | |
| 650 | 0 | |a Vectores |9 317184 | |
| 650 | 0 | |a Matrices |9 22 | |
| 650 | 0 | |a Transformada de Laplace |9 422308 | |
| 650 | 0 | |a Transformada de Fourier |9 425331 | |
| 583 | |a last modification |c 19990409 00:00:00 |k Rodrigo Vera | ||
| 999 | |c 280089 |d 280087 | ||
| 952 | |0 0 |1 0 |4 0 |6 510_000000000000000_GRA_1965 |7 0 |8 F |9 320094 |a BIBMAT |b BIBMAT |d 2019-11-20 |i 1340654 |o 510 GRA 1965 |p 1340654 |r 2025-01-07 |w 2019-11-20 |y BK_F |k MAT | ||